EU strategy for alpine region in the context of bilateral co-operation between the European union and Switzerland diplomová práca

Salvato in:
Dettagli Bibliografici
Autore principale: Kollár, Mike
Ente Autore: Ekonomická univerzita v Bratislave. Ústav medzinárodných programov
Altri autori: Čiderová, Denisa, 1977-
Natura: Libro
Lingua:inglese
Pubblicazione: Bratislava 2014
Tags: Aggiungi Tag
Nessun Tag, puoi essere il primo ad aggiungerne!!

MARC

LEADER 00000nbm a2200000 4500
001 0193100
005 20170314124714.3
041 0 |a eng 
044 |a SK 
245 1 0 |a EU strategy for alpine region in the context of bilateral co-operation between the European union and Switzerland  |b diplomová práca  |c Mike Kollár ; školiteľ: Denisa Čiderová 
264 1 |a Bratislava  |c 2014 
300 |a 91 s. 
100 1 |a Kollár, Mike 
700 1 |a Čiderová, Denisa, 1977- 
710 2 |a Ekonomická univerzita v Bratislave. Ústav medzinárodných programov